| 000 | 00703cam a22002291 4500 | ||
|---|---|---|---|
| 001 | ca 22000738 | ||
| 003 | DLC | ||
| 005 | 20260227111110.0 | ||
| 007 | cr_||||||||||| | ||
| 008 | 881004s1922 caua 000 0 eng | ||
| 010 | _aca 22000738 | ||
| 035 | _a(OCoLC)18562281 | ||
| 040 |
_aDLC _cRPB _dDLC |
||
| 042 | _apremarc | ||
| 050 | 0 | 0 |
_aPS3545.Y35 _bR5 1922 |
| 100 | 1 | _aWyatt, Hal. | |
| 245 | 0 | 0 |
_aRhymes, _cby Hal Wyatt ... illustrated by the author. |
| 260 |
_aLos Angeles, Calif., _bH. Wyatt, _c1922. |
||
| 300 |
_a2 p. l., [7]-46 p. _billus. _c19 cm. |
||
| 530 | _aAlso available in digital form on the Internet Archive Web site. | ||
| 856 | 4 | 1 | _uhttp://hdl.loc.gov/loc.gdc/scd0001.00184811571 |
| 999 |
_c15653 _d15653 |
||